000
00308nam a2200121Ia 4500
008
230125s9999 xx 000 0 und d
020
_a
8181720938
082
_a
U09
_b
GALU
100
_a
GALIB INSTITUTE
245
0
_a
Urdu Adab men taqseem-e- hind aur uske nataij
260
_b
GALIB INSTITUTE
_c
2018
942
_c
BK
999
_c
303
_d
303